Animals Beginning with 'L' - Pictures - Statistics

General Stats
  • This quiz has been taken 202 times
  • The average score is 11 of 20
Answer Stats
Picture Answer % Correct
lion
92%
Leopard
90%
llama
84%
Ladybird
81%
Lynx
81%
Lemur
80%
Labrador
79%
Leech
79%
Lobster
76%
Locust
60%
Lamprey
46%
Louse / Lice
45%
Lemming
39%
Leopard Seal
33%
Loon
28%
Limpet
22%
Lorikeet
21%
Lhasa apso
16%
Lung Fish
12%
Lacewing
11%
No matching quizzes found
Score Distribution
Percent of People with Each Score
Percentile by Number Answered
Your Score History
You have not taken this quiz